Quaresma del P. Fr. Antonio Andres (Record no. 8660)
[ view plain ]
| 000 -CABECERA | |
|---|---|
| campo de control de longitud fija | 01041nam a2200241 a 4500 |
| 001 - NÚMERO DE CONTROL | |
| campo de control | BRCA_9009 |
| 005 - FECHA Y HORA DE LA ÚLTIMA TRANSACCIÓN | |
| campo de control | 20190320210506.0 |
| 008 - DATOS DE LONGITUD FIJA--INFORMACIÓN GENERAL | |
| campo de control de longitud fija | 190717s1778----sp-a######---#000-0#spa-# |
| 041 ## - CÓDIGO DE LENGUA | |
| Código de lengua del texto/banda sonora o título independiente | spa |
| 044 ## - CÓDIGO DEL PAÍS DE LA ENTIDAD EDITORA/PRODUCTORA | |
| Código MARC del país | sp |
| 084 ## - OTRO NÚMERO DE CLASIFICACIÓN | |
| Número de clasificación | LE3 |
| Número de documento/Ítem | .A86 1778 |
| 100 1# - ENTRADA PRINCIPAL--NOMBRE DE PERSONA | |
| Nombre de persona | Antonio Andres |
| 9 (RLIN) | 22352 |
| 245 10 - MENCIÓN DE TÍTULO | |
| Título | Quaresma del P. Fr. Antonio Andres |
| Resto del título | letor de Sagrada Theología, escritor publico de su orden, regente de estudios, calificador del Santo Oficio, y custodio actual de su provincia de descalzos |
| 260 ## - PUBLICACIÓN, DISTRIBUCIÓN, ETC. | |
| Lugar de publicación, distribución, etc. | Valencia |
| Nombre del editor, distribuidor, etc. | En La Imprenta de Benito Monfort |
| Fecha de publicación, distribución, etc. | 1778 |
| 300 ## - DESCRIPCIÓN FÍSICA | |
| Extensión | 316 p. (t.3) |
| Dimensiones | 20.7 x 15.2 cm |
| 500 ## - NOTA GENERAL | |
| Nota general | Con la licencia del Real Consejo |
| 500 ## - NOTA GENERAL | |
| Nota general | En portada: Quien lo dedica a Christo Crucificado |
| 500 ## - NOTA GENERAL | |
| Nota general | En portada: Al fin de este tercer tomo hay una aplicacion de los Sermones de la Quaresma à las Dominicas de entre año |
| 500 ## - NOTA GENERAL | |
| Nota general | Estado físico: presenta encuadernación en pergamino con cintas rotas y cantos decorados |
| 650 14 - PUNTO DE ACCESO ADICIONAL DE MATERIA--TÉRMINO DE MATERIA | |
| Término de materia o nombre geográfico como elemento de entrada | Cuaresma |
| Subdivisión cronológica | Obras anteriores a 1800 |
| 9 (RLIN) | 22353 |
| 902 ## - CATALOGADOR | |
| Iniciales | CFM |
| 942 ## - ELEMENTOS DE PUNTO DE ACCESO ADICIONAL (KOHA) | |
| Fuente del sistema de clasificación o colocación | Library of Congress Classification |
| Tipo de ítem Koha | Libros |
| Estado de retiro | Estado de pérdida | Estado dañado | No para préstamo | Localización permanente | Ubicación/localización actual | Fecha de adquisición | Total de préstamos | Signatura topográfica completa | Código de barras | Fecha visto por última vez | Precio válido a partir de | Tipo de ítem Koha |
|---|---|---|---|---|---|---|---|---|---|---|---|---|
| El ejemplar forma parte de la colección y puede ser consultado según las políticas vigentes. | Biblioteca del Museo Franz Mayer (Rogerio Casas-Alatriste) | Biblioteca del Museo Franz Mayer (Rogerio Casas-Alatriste) | 19/07/2017 | LE3 .A86 1778 | CFM00415 | 22/03/2019 | 22/03/2019 | Libros |